Statistická ročenka Československé socialistické republiky 1971

Salvato in:
Dettagli Bibliografici
Natura: Libro
Lingua:slovacco
Pubblicazione: Bratislava Slovenské nakladateľstvo technické literatúry - nakladatelství technické literatury-Alfa 1971
Tags: Aggiungi Tag
Nessun Tag, puoi essere il primo ad aggiungerne!!

MARC

LEADER 00000nam a2200000 4500
001 c122197
005 20041019155224.6
041 0 |a slo 
044 |a SK 
245 1 0 |a Statistická ročenka Československé socialistické republiky 1971 
264 1 |a Bratislava  |b Slovenské nakladateľstvo technické literatúry - nakladatelství technické literatury-Alfa  |c 1971 
300 |a 618 s.